Central Library OPAC University of Rajshahi
Normal view MARC view

Entry Personal Name

Number of records used in: 1

001 - CONTROL NUMBER

  • control field: 5023

003 - CONTROL NUMBER IDENTIFIER

  • control field: BD-RjUL

005 - DATE AND TIME OF LATEST TRANSACTION

  • control field: 20220927102228.0

008 - FIXED-LENGTH DATA ELEMENTS

  • fixed length control field: 220927|| aca||aabn | a|a d

040 ## - CATALOGING SOURCE

  • Original cataloging agency: BD-RjUL
  • Transcribing agency: BD-RjUL

100 ## - HEADING--PERSONAL NAME

  • Personal name: خاں, .يوسف حسين # # Khan, Yusuf Hussain

670 ## - SOURCE DATA FOUND

  • Source citation: Work cat.: (BD-RjUL)80441: خاں, .يوسف حسين # # Khan, Yusuf Hussain, غالب اور آہنگ غالب / # # G̲ẖālib aur āhang-i G̲ẖālib /